000 02165nam a2200205Ia 4500
999 _c3516
_d3516
008 200103s 2013 ||||xx |||||||||||||| ||und||
020 _a9788132110095
082 _a343.5407
_bGAN
100 _aGangopadhyay, Shubhashis
245 0 _aLaw and economics, vol. 2 : practice
260 _bSAGE Publications
_c2013
_aNew Delhi
300 _a198p.
504 _aPreface Introduction 1. Rehabilitation of the 'Project Affected': Eminent Domain and Just Compensation Malabika Pal 2. `Law and Economics' of Indian Patent Act V Santhakumar 3.Two Cases of IPR Issues in India: Pharmaceutical Patents and Film Industry Copyrights Sushma Kindo 4. Economics of Contract Law in India Indervir Singh 5. The Economics of Contract Law: A Business Outsourcing Application George S Geis 6. Economic Analysis of Tort Law: Some Conceptual and Interpretative Issues Satish K Jain 7. Efficiency of Liability Rules: An Experimental Analysis in India Sanmitra Ghosh and Rajendra P Kundu 8. Regulation in the case of a Natural Monopoly: The Electricity Act in India V Santhakumar 9. Initial Public Offerings: Institutions in India Padma Kadiyala 10. Legal and Judicial Process in India: A Preliminary Economic Analysis of Some Issues V Santhakumar Index
520 _aLaw and Economics is a method of analyzing laws, legal processes, and judicial decisions using the concerns and techniques of neoclassical economics. This two-volume book deals with the theory of Law and Economics and its applications in the context of India. It is written with an objective to convey the principles and use of this discipline, based on real-world examples, to lawyers and economists as well as others including policy-makers, analysts, civil-society observers, and so on, who do not have formal training in law and economics.
650 _a`Law and Economics' of Indian Patent Act V Santhakumar
650 _aThe Economics of Contract Law: A Business Outsourcing Application George S Geis
650 _aLegal and Judicial Process in India: A Preliminary Economic Analysis of Some Issues V Santhakumar
700 _aSanthakumar, V.
_eCo-author
942 _cBK